| 000 | 00865nam a2200277 a 4500 | ||
|---|---|---|---|
| 001 | BRL_129 | ||
| 005 | 20190320210613.0 | ||
| 008 | 791217s1943####gw-a######---#000-0#ger-# | ||
| 041 | _ager | ||
| 044 | _agw | ||
| 050 | 4 |
_aPZ7.S5285 _b.G73 _c1943 |
|
| 100 | 1 |
_aGraber, Hans _922986 |
|
| 245 | 1 | 0 |
_aCamille Pissarro, Alfred Sisley, Claude Monet _bnach eigenen und fremden Zeugnissen _cHans Graber. |
| 260 |
_aAlemania _bBenno Schwabe _c1943 |
||
| 300 |
_a322 p. _bil., 40 láminas _c25 cm. |
||
| 500 | _aIncluye índice de ilustraciones | ||
| 500 | _aEstado físico: camisa rota | ||
| 500 | _aAu180 | ||
| 600 | 1 | 4 |
_aPissarro, Camille _d1830-1903 _916515 |
| 600 | 1 | 4 |
_aSisley, Alfred _d1839-1899 _922987 |
| 600 | 1 | 4 |
_aMonet, Claude _d1840-1926 _922988 |
| 650 | 1 | 4 |
_aPintores franceses _97726 |
| 650 | 1 | 4 |
_aPintores ingleses _913697 |
| 902 | _aGRL | ||
| 942 |
_2lcc _cB |
||
| 999 |
_c8942 _d8942 |
||